Loading...
| Philosophy | 0 | 8 | 1 | 2 | 75 | 45 | 94.88 | 1 | 3 | 16.28 | 43.18 |
| Mythology | 0 | 7 | 1 | 1 | 65 | 29 | 82.29 | 2 | 3 | 21.68 | 39.77 |
| Literature - European | 0 | 7 | 1 | 1 | 65 | 52 | 94.00 | 1 | 4 | 20.65 | 43.18 |
| Literature - British | 0 | 6 | 0 | 0 | 60 | 21 | 75.00 | 2 | 5 | 26.14 | 39.77 |
| Literature - American | 0 | 6 | 0 | 0 | 60 | 48 | 77.50 | 1 | 4 | 23.92 | 39.77 |
| Literature - World | 0 | 5 | 0 | 0 | 50 | 77 | 101.60 | 0 | 2 | 11.88 | 21.59 |
| Fine Arts - Painting and Sculpture | 0 | 5 | 1 | 0 | 45 | 61 | 74.00 | 0 | 3 | 18.25 | 26.14 |
| History - European | 0 | 4 | 0 | 1 | 40 | 70 | 85.50 | 2 | 3 | 11.39 | 21.59 |
| Social Science | 0 | 4 | 1 | 0 | 35 | 67 | 89.25 | 0 | 3 | 7.55 | 23.86 |
| Fine Arts - Other | 0 | 4 | 2 | 0 | 30 | 65 | 89.25 | 1 | 2 | 10.78 | 20.45 |
| Religion | 0 | 3 | 0 | 0 | 30 | 28 | 62.67 | 2 | 2 | 13.51 | 22.73 |
| Science - Physics | 0 | 3 | 1 | 2 | 25 | 82 | 105.33 | 0 | 1 | 3.36 | 7.95 |
| Science - Other | 0 | 3 | 1 | 1 | 25 | 106 | 114.67 | 0 | 0 | 2.03 | 6.82 |
| Fine Arts - Classical Music | 0 | 2 | 0 | 1 | 20 | 75 | 99.00 | 0 | 0 | 3.15 | 5.68 |
| Science - Biology | 0 | 3 | 2 | 2 | 20 | 68 | 96.00 | 1 | 1 | 3.72 | 11.36 |
| History - Other | 0 | 2 | 1 | 0 | 15 | 22 | 61.50 | 1 | 2 | 9.41 | 17.05 |
| Popular Culture | 0 | 1 | 0 | 0 | 10 | 57 | 57.00 | 1 | 1 | 20.05 | 29.17 |
| Other Academic | 0 | 1 | 1 | 1 | 5 | 118 | 118.00 | 0 | 0 | 0.00 | 8.33 |
| History - World | 0 | 1 | 2 | 0 | 0 | 79 | 79.00 | 0 | 1 | 3.85 | 7.95 |
| Science - Chemistry | 0 | 0 | 0 | 0 | 0 | 0.00 | 0 | 0 | 0.00 | 0.00 | |
| History - American | 0 | 1 | 2 | 0 | 0 | 72 | 72.00 | 0 | 1 | 3.54 | 6.82 |